№ 2; Национальные стандарты

Dettagli Bibliografici
Parent link:Национальные стандарты: Информационный указатель/ Федеральное агентство по техническому регулированию и метрологии. № 2.— , 2004-
Lingua:russo
Pubblicazione: 2011
Natura: Libro
KOHA link:https://koha.lib.tpu.ru/cgi-bin/koha/opac-detail.pl?biblionumber=443610

MARC

LEADER 00000nam2a2200000 4500
001 443610
005 20250314142546.0
035 |a (RuTPU)RU\TPU\prd\105280 
090 |a 443610 
100 |a 20110406a19409999k y0rusy50 ca 
101 0 |a rus 
102 |a RU 
200 0 |a № 2 
210 |d 2011 
461 1 |0 (RuTPU)RU\TPU\prd\23792  |t Национальные стандарты  |o Информационный указатель  |f Федеральное агентство по техническому регулированию и метрологии  |v № 2  |d 2004- 
801 0 |a RU  |b 63413507  |c 20010227  |g PSBO 
801 1 |a RU  |b 63413507  |c 20110406 
801 2 |a RU  |b 63413507  |c 20191126  |g RCR 
942 |c CR